| 000 | 01219cam a2200265 a 4500 | ||
|---|---|---|---|
| 005 | 20250331184406.0 | ||
| 007 | ta | ||
| 008 | 120409s2012 ck o gr 100 0 spa | ||
| 015 | _ack-2012-xxxx | ||
| 020 | _a9789585732506 | ||
| 040 |
_aCO-CtgCURN _bspa _ccoctgcurn |
||
| 082 | 0 | 4 |
_a331.88 _bT147 _220 |
| 111 | 2 |
_aTalleres para la Reparacion Colectiva y Construcción de la Memoria de la Violencia Anti-Sindical en Colombia _d2011 : _cBogotá. |
|
| 245 | 1 | 0 |
_aRecorriendo la memoria / _cMemoria de los Talleres para la Reparacion Colectiva y Construcción de la Memoria de la Violencia Anti-Sindical en Colombia 14, 21 y 28 de septiembre de 2011, Bogotá. |
| 260 |
_aBogotá : _bCodhes, _c2012. |
||
| 300 |
_a107 p. : _bfot. ; _c23 cm. |
||
| 500 | _aIncluye notas a pie de pagina. | ||
| 504 | _aBibliografia: p. 105-106. | ||
| 650 | 1 | 4 |
_aMovimientos obreros _zColombia _vCongresos, conferencias, etc. |
| 650 | 1 | 4 |
_aSindicatos _zColombia _vCongresos, conferencias, etc. |
| 650 | 1 | 4 |
_aVictimas de la violencia _zColombia _vCongresos, conferencias, etc. |
| 942 |
_cBK _h331.88 _iT147 _2ddc |
||
| 999 |
_c18297 _d18297 |
||